000 00299nam a22001337a 4500
008 181121b xxu||||| |||| 00| 0 eng d
020 _a9780764551123
041 _aeng
080 _22 th
_a004
100 _a38
101 _aSHK
245 _aMutual Funds For Dummies
_cEric,t
942 _2udc
_cBK
999 _c52252
_d52252